Vista normal Vista MARC

Entrada Materia (personas)

Número de registros utilizados en: 1

001 - CONTROL NUMBER

  • control field: 75065

003 - CONTROL NUMBER IDENTIFIER

  • control field: Co-BoUCM

005 - DATE AND TIME OF LATEST TRANSACTION

  • control field: 20160126112346.0

008 - FIXED-LENGTH DATA ELEMENTS

  • fixed length control field: 160126|| aca||aabn | a|a d

040 ## - CATALOGING SOURCE

  • Original cataloging agency: Co-BoUCM
  • Transcribing agency: Co-BoUCM

100 ## - HEADING--PERSONAL NAME

  • Personal name: Gorky, Maksim
  • Dates associated with a name: 1868-1936
  • General subdivision: Autobiografías

670 ## - SOURCE DATA FOUND

  • Source citation: Work cat.: (Co-BoUCM): Gorky, Maksim 1868-1936 75064, En gagnant mon pain, 1923